Statistiques concernant Trouve à qui appartient ce vêtement - KPOP

Cliquez ici pour prendre le quiz!

Statistiques générales

  • Ce quiz a été pris 350 fois
  • Le résultat moyen est 6 sur 30

Statistiques - réponses

Réponse% Correct
Jennie
82%
Jisoo
54%
Momo
51%
Jungkook
48%
Nayeon
36%
Jihyo
31%
Joy
31%
Tzuyu
30%
J-Hope
24%
Jin
24%
Rosé
20%
Irene
18%
JeongYeon
18%
Yeonjun
16%
Yeri
15%
Lisa
14%
V
13%
RM
12%
Chaeyoung
11%
Mina
11%
Sana
10%
Wendy
9%
Jimin
8%
Seulgi
7%
Suga
7%
Huening Kai
5%
Soobin
5%
Dahyun
4%
Beomgyu
3%
Taehyun
3%

Distribution des résultats

Percentile par nombre de réponses

% des personnes avec chaque résultat

Votre développement - résultats

Vous n’avez pas pris ce quiz